| 000 | 00399nam a2200145Ia 4500 | ||
|---|---|---|---|
| 008 | 230917s9999||||xx |||||||||||||| ||und|| | ||
| 040 |
_e115784 _aMAIN |
||
| 041 | _aEnglish | ||
| 082 | _a823.09 C764S;C | ||
| 100 | _aSarkar, R N | ||
| 245 | 0 | _aCritical study of Joseph Conrad: The personality behind principle | |
| 260 |
_aNew Delhi _bAtlantic Publishers _c1993 |
||
| 300 | _a262 p. | ||
| 942 | _cBK | ||
| 999 |
_c140731 _d140731 |
||